[Event "Olimpiada de Khanty-Mansiysk 2010"]
[Site "Khanty-Mansiysk RUS"]
[Date "2010.09.25"]
[Round "5"]
[White "Garcia, Raul"]
[Black "Yee, Frank"]
[Result "1-0"]
[WhiteElo "2236"]
[BlackElo "2106"]
[PlyCount "159"]
[EventDate "2010.09.21"]
[EventType "team"]
[EventRounds "11"]
[EventCountry "RUS"]
[Source "lmi"]
[SourceDate "2010.09.21"]
[WhiteTeam "Andorra"]
[BlackTeam "Trinidad y Tobago"]
[WhiteTeamCountry "AND"]
[BlackTeamCountry "TRI"]

1. d4 Nf6 2. Nf3 e6 3. c4 b6 4. e3 Bb7 5. Bd3 d5 6. b3 Bd6 7. Bb2 Nbd7 8. O-O
O-O 9. Ne5 c5 10. Nd2 Ne4 11. Nxd7 Qxd7 12. cxd5 exd5 13. Nxe4 dxe4 14. Bc4 Qf5
15. dxc5 Bxc5 16. Qe2 Rad8 17. Rad1 Qg5 18. Rxd8 Rxd8 19. Rd1 Rxd1+ 20. Qxd1
Bc6 21. h3 h5 22. Qd2 a5 23. Qc3 Bd7 24. h4 Qg6 25. Bd5 Bf8 26. Qd4 Bf5 27. Qc4
Be7 28. Qa4 Kf8 29. Ba3 Qf6 30. Bxe7+ Qxe7 31. Qc6 Qd8 32. Bxe4 Bxe4 33. Qxe4
g6 34. Qd4 Qc7 35. g3 Ke7 36. Qe4+ Kf8 37. Kg2 Qd6 38. Qd4 Qc7 39. Qd5 Ke7 40.
e4 Qc2 41. Qb7+ Kf8 42. Qxb6 Qxa2 43. Qd8+ Kg7 44. Qd4+ Kf8 45. Qc4 Qa1 46. Qd5
Qc3 47. e5 Qb4 48. e6 fxe6 49. Qxe6 Kg7 50. Qe5+ Kf7 51. Qd5+ Kf6 52. f3 Qe1
53. Qd4+ Kf7 54. Qd3 Qb4 55. Kf2 Qc5+ 56. Ke2 Qe5+ 57. Kf2 Qc5+ 58. Kg2 Qb4 59.
f4 Qe1 60. f5 Kf6 61. fxg6 Qb4 62. Qa6+ Kg7 63. Qe6 Qb7+ 64. Kh2 Qf3 65. Qf7+
Qxf7 66. gxf7 Kxf7 67. g4 hxg4 68. Kg3 Kg6 69. Kxg4 Kh6 70. Kf5 Kh5 71. Ke5
Kxh4 72. Kd5 Kg5 73. Kc5 Kf6 74. Kb5 Ke6 75. Kxa5 Kd7 76. Kb6 Kc8 77. b4 Kb8
78. b5 Ka8 79. Kc7 Ka7 80. b6+ 1-0

[Event "Olimpiada de Khanty-Mansiysk 2010"]
[Site "Khanty-Mansiysk RUS"]
[Date "2010.09.25"]
[Round "5"]
[White "Singh, Ravishen"]
[Black "Santamaria, Vicens"]
[Result "1/2-1/2"]
[WhiteElo "2089"]
[BlackElo "2085"]
[PlyCount "123"]
[EventDate "2010.09.21"]
[EventType "team"]
[EventRounds "11"]
[EventCountry "RUS"]
[Source "lmi"]
[SourceDate "2010.09.21"]
[WhiteTeam "Trinidad y Tobago"]
[BlackTeam "Andorra"]
[WhiteTeamCountry "TRI"]
[BlackTeamCountry "AND"]

1. e4 d6 2. d4 Nf6 3. Nc3 g6 4. f4 Bg7 5. Nf3 O-O 6. Bc4 c5 7. d5 b5 8. Nxb5
Nxe4 9. O-O a6 10. Na3 Bb7 11. Qd3 Nf6 12. f5 Nbd7 13. Bb3 c4 14. Nxc4 Nc5 15.
Qe2 Nxd5 16. Ng5 a5 17. Ne3 Ba6 18. c4 Nb4 19. Qg4 Nbd3 20. Qh4 h6 21. Ng4 h5
22. Be3 Nxb3 23. axb3 Qc8 24. Rxa5 Bb7 25. Rxa8 Bxa8 26. Nf2 Qb7 27. Qh3 Ne5
28. Bd4 Bf6 29. Nge4 Nf3+ 30. Qxf3 Bxd4 31. Ng5 Qxf3 32. Nxf3 Bxf3 33. gxf3 Rb8
34. fxg6 fxg6 35. Rd1 Bxf2+ 36. Kxf2 Rxb3 37. Rd2 Kf7 38. Kg3 Kf6 39. h4 Kf5
40. Rd5+ Ke6 41. Rd2 Kf6 42. Kf4 Rb4 43. Rc2 d5 44. b3 e5+ 45. Kg3 Rxb3 46.
cxd5 e4 47. Rc6+ Kf5 48. d6 Rxf3+ 49. Kg2 Rd3 50. Rc5+ Kf4 51. Rc6 Rd2+ 52. Kf1
Kf3 53. Ke1 e3 54. d7 Rxd7 55. Rxg6 Rd4 56. Rf6+ Ke4 57. Rh6 Rd5 58. Ke2 Rd2+
59. Ke1 Rd5 60. Ke2 Re5 61. Rg6 Kf4 62. Rg8 1/2-1/2

[Event "Olimpiada de Khanty-Mansiysk 2010"]
[Site "Khanty-Mansiysk RUS"]
[Date "2010.09.25"]
[Round "5"]
[White "Patriarca, Luis Carlos"]
[Black "Farley, Terry"]
[Result "0-1"]
[WhiteElo "2308"]
[BlackElo "2231"]
[PlyCount "94"]
[EventDate "2010.09.21"]
[EventType "team"]
[EventRounds "11"]
[EventCountry "RUS"]
[Source "lmi"]
[SourceDate "2010.09.21"]
[WhiteTeam "Paraguay"]
[BlackTeam "Barbados"]
[WhiteTeamCountry "PAR"]
[BlackTeamCountry "BAR"]

1. c4 e5 2. Nc3 Nc6 3. g3 Bc5 4. Bg2 d6 5. a3 a6 6. e3 Nge7 7. Nge2 Ba7 8. d3
Bg4 9. h3 Be6 10. Nd5 Rb8 11. O-O Qd7 12. Kh2 O-O 13. Bd2 b5 14. b3 f5 15. Qc2
Rfc8 16. Nb4 bxc4 17. bxc4 a5 18. Nxc6 Nxc6 19. Qa4 e4 20. d4 Ne5 21. Qxd7 Nxd7
22. d5 Bf7 23. Bxa5 Ne5 24. Bc3 Nxc4 25. g4 g6 26. gxf5 gxf5 27. Rg1 Kf8 28.
Nf4 Rb3 29. Bf6 Ne5 30. Bh1 Rb2 31. Raf1 Bxe3 32. Ne6+ Bxe6 33. dxe6 Bf4+ 34.
Kg2 Nf3 35. Rb1 Rc2 36. Rgd1 Re8 37. Rd5 Ne5 38. e7+ Kf7 39. Bh4 Ke6 40. Rdb5
Nf3 41. Bg3 Rxe7 42. Bxf4 Rg7+ 43. Bg3 f4 44. Kf1 Nd2+ 45. Ke1 Nxb1 46. Bxe4
Rc1+ 47. Ke2 fxg3 0-1

[Event "Olimpiada de Khanty-Mansiysk 2010"]
[Site "Khanty-Mansiysk RUS"]
[Date "2010.09.25"]
[Round "5"]
[White "Warner, Delisle"]
[Black "Vazquez, Guillermo"]
[Result "1/2-1/2"]
[WhiteElo "2240"]
[BlackElo "2166"]
[PlyCount "76"]
[EventDate "2010.09.21"]
[EventType "team"]
[EventRounds "11"]
[EventCountry "RUS"]
[Source "lmi"]
[SourceDate "2010.09.21"]
[WhiteTeam "Barbados"]
[BlackTeam "Paraguay"]
[WhiteTeamCountry "BAR"]
[BlackTeamCountry "PAR"]

1. d4 Nf6 2. c4 g6 3. Nc3 Bg7 4. e4 d6 5. f4 O-O 6. Nf3 c5 7. d5 e6 8. Be2 exd5
9. cxd5 Bg4 10. O-O Nbd7 11. Qc2 Re8 12. h3 Bxf3 13. Bxf3 a6 14. g4 h6 15. a4
c4 16. Be3 Qa5 17. Qf2 Rac8 18. Bd4 Nc5 19. Bxc5 Qxc5 20. Qxc5 Rxc5 21. Rae1
Nd7 22. h4 g5 23. hxg5 hxg5 24. e5 gxf4 25. Ne4 Bxe5 26. Nxd6 Bd4+ 27. Kg2 Rxe1
28. Rxe1 Bxb2 29. Re8+ Kg7 30. g5 Rc7 31. Re2 Kg6 32. Rxb2 b5 33. axb5 axb5 34.
Rxb5 Kxg5 35. Nxf7+ Kf6 36. d6 Rc5 37. Rxc5 Nxc5 38. Nd8 Ke5 1/2-1/2

[Event "Olimpiada de Khanty-Mansiysk 2010"]
[Site "Khanty-Mansiysk RUS"]
[Date "2010.09.25"]
[Round "5"]
[White "Peralta, Eduardo"]
[Black "Corbin, Philip"]
[Result "1-0"]
[WhiteElo "2266"]
[BlackElo "2151"]
[PlyCount "65"]
[EventDate "2010.09.21"]
[EventType "team"]
[EventRounds "11"]
[EventCountry "RUS"]
[Source "lmi"]
[SourceDate "2010.09.21"]
[WhiteTeam "Paraguay"]
[BlackTeam "Barbados"]
[WhiteTeamCountry "PAR"]
[BlackTeamCountry "BAR"]

1. Nf3 f5 2. e4 e5 3. Nxe5 Qf6 4. d4 d6 5. Nc4 fxe4 6. Nc3 Qg6 7. Nd5 Qf7 8.
Nde3 Nf6 9. Be2 Be6 10. O-O Nbd7 11. Na5 O-O-O 12. c4 Nb6 13. b4 h5 14. d5 Bd7
15. Bb2 Qg6 16. Bd4 Bh3 17. Kh1 Bg4 18. a4 Be7 19. Nb3 Kb8 20. Bxb6 cxb6 21. a5
Nd7 22. Ra2 Ne5 23. axb6 axb6 24. Nd4 Bxe2 25. Qxe2 Nd3 26. Ne6 Nxb4 27. Ra4
Na6 28. Qa2 Nc7 29. Ra1 Nxe6 30. dxe6 Qxe6 31. Nd5 Kc8 32. Ra8+ Kd7 33. Qa4+
1-0

[Event "Olimpiada de Khanty-Mansiysk 2010"]
[Site "Khanty-Mansiysk RUS"]
[Date "2010.09.25"]
[Round "5"]
[White "Gemy, Jose Daniel"]
[Black "Mas, Hafizulhelmi"]
[Result "1/2-1/2"]
[WhiteElo "2325"]
[BlackElo "2422"]
[PlyCount "91"]
[EventDate "2010.09.21"]
[EventType "team"]
[EventRounds "11"]
[EventCountry "RUS"]
[Source "lmi"]
[SourceDate "2010.09.21"]
[WhiteTeam "Bolivia"]
[BlackTeam "Malasia"]
[WhiteTeamCountry "BOL"]
[BlackTeamCountry "MAS"]

1. Nf3 c5 2. c4 g6 3. d4 Bg7 4. Nc3 cxd4 5. Nxd4 Nc6 6. Nc2 Bxc3+ 7. bxc3 Qa5
8. Qd2 Nf6 9. f3 d6 10. e4 Be6 11. Ne3 Nd7 12. Rb1 Nc5 13. Nd5 h5 14. h4 Rc8
15. Rb5 Qd8 16. Ba3 b6 17. Bxc5 dxc5 18. Be2 Na5 19. Qg5 Rg8 20. O-O f6 21. Qg3
Bd7 22. Rb2 e6 23. Nf4 Qc7 24. Nxh5 Qxg3 25. Nxg3 Rh8 26. e5 f5 27. h5 g5 28.
f4 g4 29. Kf2 Ke7 30. Rh1 Rh6 31. Rd2 Rc7 32. Rd6 Rh7 33. Rd2 Bc8 34. Nf1 Bd7
35. Ng3 Be8 36. Rd6 Nb7 37. Rdd1 Ba4 38. Rd2 Be8 39. Rdd1 Kf8 40. Ke3 Bc6 41.
Kf2 Bd7 42. Rd2 Be8 43. Rdd1 Kg7 44. Rh4 Kf8 45. Rh2 Ba4 46. Rd2 1/2-1/2

[Event "Olimpiada de Khanty-Mansiysk 2010"]
[Site "Khanty-Mansiysk RUS"]
[Date "2010.09.25"]
[Round "5"]
[White "Mok, Tze-Meng"]
[Black "Mendoza, Rodrigo"]
[Result "0-1"]
[WhiteElo "2416"]
[BlackElo "2124"]
[PlyCount "78"]
[EventDate "2010.09.21"]
[EventType "team"]
[EventRounds "11"]
[EventCountry "RUS"]
[Source "lmi"]
[SourceDate "2010.09.21"]
[WhiteTeam "Malasia"]
[BlackTeam "Bolivia"]
[WhiteTeamCountry "MAS"]
[BlackTeamCountry "BOL"]

1. e4 c6 2. Nf3 d5 3. Nc3 Bg4 4. h3 Bxf3 5. Qxf3 e6 6. g3 Nd7 7. Qe2 dxe4 8.
Nxe4 Ngf6 9. Bg2 Nxe4 10. Qxe4 Nf6 11. Qc4 Be7 12. O-O O-O 13. a4 Qa5 14. c3
Rfd8 15. d4 Rac8 16. Bf4 Bd6 17. Bxd6 Rxd6 18. Rfe1 Nd5 19. Re5 Qd8 20. a5 h6
21. Qc5 b6 22. Qa3 c5 23. Rd1 Nf6 24. Re2 cxd4 25. Red2 e5 26. f4 exf4 27. Rxd4
Rxd4 28. Rxd4 Qe8 29. gxf4 Qe3+ 30. Kh2 Nh5 31. axb6 Qg3+ 32. Kh1 Qe1+ 33. Kh2
Qg3+ 34. Kh1 Re8 35. Re4 Rxe4 36. Bxe4 Qxh3+ 37. Kg1 Qe3+ 38. Kh2 Qf2+ 39. Bg2
Nxf4 0-1

[Event "Olimpiada de Khanty-Mansiysk 2010"]
[Site "Khanty-Mansiysk RUS"]
[Date "2010.09.25"]
[Round "5"]
[White "Angulo, P  Carlos"]
[Black "Tan, Khai Boon"]
[Result "1/2-1/2"]
[WhiteElo "2210"]
[BlackElo "2160"]
[PlyCount "92"]
[EventDate "2010.09.21"]
[EventType "team"]
[EventRounds "11"]
[EventCountry "RUS"]
[Source "lmi"]
[SourceDate "2010.09.21"]
[WhiteTeam "Bolivia"]
[BlackTeam "Malasia"]
[WhiteTeamCountry "BOL"]
[BlackTeamCountry "MAS"]

1. d4 d5 2. c4 dxc4 3. Nf3 Nf6 4. Nc3 e6 5. e3 a6 6. a4 c5 7. Bxc4 Nc6 8. O-O
Be7 9. Bb3 O-O 10. Re1 b6 11. d5 exd5 12. Nxd5 Bg4 13. h3 Bxf3 14. Qxf3 Ne5 15.
Qg3 Nd3 16. Nxf6+ Bxf6 17. Rd1 Ra7 18. Qg4 Rd7 19. Bc4 h5 20. Qf5 Ne5 21. Rxd7
Qxd7 22. Qxd7 Nxd7 23. Bxa6 Rd8 24. Kf1 Ne5 25. Ke2 Nc6 26. Bd2 Nb4 27. Bc4
Bxb2 28. Rb1 Bf6 29. Bxb4 cxb4 30. Rxb4 Rd6 31. Rb5 g6 32. f4 Bc3 33. Bd5 Kg7
34. e4 f6 35. Kf3 Bd4 36. Rb4 Bg1 37. g4 hxg4+ 38. hxg4 g5 39. Rc4 gxf4 40.
Kxf4 Kg6 41. Rc8 Bh2+ 42. Kf3 Rd7 43. Rc6 Rd6 44. Rc8 Rd7 45. Rc2 Be5 46. Rc8
Rc7 1/2-1/2

[Event "Olimpiada de Khanty-Mansiysk 2010"]
[Site "Khanty-Mansiysk RUS"]
[Date "2010.09.25"]
[Round "5"]
[White "Pereira, Ruben"]
[Black "Seitaj, Ilir"]
[Result "1-0"]
[WhiteElo "2423"]
[BlackElo "2390"]
[PlyCount "91"]
[EventDate "2010.09.21"]
[EventType "team"]
[EventRounds "11"]
[EventCountry "RUS"]
[Source "lmi"]
[SourceDate "2010.09.21"]
[WhiteTeam "Portugal"]
[BlackTeam "Albania"]
[WhiteTeamCountry "POR"]
[BlackTeamCountry "ALB"]

1. e4 e5 2. Nf3 Nc6 3. Bb5 a6 4. Ba4 Nf6 5. O-O d6 6. c3 Bd7 7. d4 Nxe4 8. Re1
f5 9. dxe5 dxe5 10. Nbd2 Nxd2 11. Nxe5 Nxe5 12. Rxe5+ Be7 13. Bxd2 O-O 14. Bf4
Bxa4 15. Qxa4 Kh8 16. Rd1 Bd6 17. Re3 Qh4 18. g3 Qg4 19. f3 Qg6 20. Bxd6 cxd6
21. Qf4 Rad8 22. Rd5 b5 23. Red3 Rf6 24. a4 bxa4 25. Qxa4 f4 26. g4 h6 27. Qd4
Qe8 28. Kg2 Qe2+ 29. Qf2 Qe7 30. Rd2 Re6 31. Qd4 Rf6 32. Qd3 Qb7 33. Qe4 Qf7
34. Re2 Rb8 35. Qd3 Rb6 36. Qc4 Kh7 37. Qd4 Re6 38. Rd2 Rc6 39. Rf5 Qe7 40.
Rxf4 Rc5 41. Qd3+ Rg6 42. Re2 Qg5 43. Rd4 d5 44. Re6 Rb5 45. b4 h5 46. h4 1-0

[Event "Olimpiada de Khanty-Mansiysk 2010"]
[Site "Khanty-Mansiysk RUS"]
[Date "2010.09.25"]
[Round "5"]
[White "Rama, Lorenc"]
[Black "Fernandes, Antonio"]
[Result "1-0"]
[WhiteElo "2276"]
[BlackElo "2422"]
[PlyCount "114"]
[EventDate "2010.09.21"]
[EventType "team"]
[EventRounds "11"]
[EventCountry "RUS"]
[Source "lmi"]
[SourceDate "2010.09.21"]
[WhiteTeam "Albania"]
[BlackTeam "Portugal"]
[WhiteTeamCountry "ALB"]
[BlackTeamCountry "POR"]

1. Nf3 g6 2. c4 f5 3. d4 Nf6 4. g3 Bg7 5. b3 O-O 6. Bb2 d6 7. Qc2 c6 8. Nbd2
Na6 9. Bg2 Nb4 10. Qc1 a5 11. O-O Bd7 12. a3 Na6 13. Ne1 Qb6 14. Qc2 Rae8 15.
Nef3 Ne4 16. Rad1 c5 17. d5 Bxb2 18. Qxb2 Nf6 19. Qc3 Nc7 20. Ng5 e5 21. dxe6
Nxe6 22. Nxe6 Rxe6 23. e3 Ra8 24. a4 Bc6 25. Nf3 Ne4 26. Qc2 Qb4 27. Rd3 Qb6
28. h4 Qd8 29. Rfd1 Qf6 30. Ng5 Nxg5 31. hxg5 Qe7 32. Bxc6 bxc6 33. Qd2 Rb8 34.
Qxa5 Kf7 35. Qd2 Rd8 36. b4 cxb4 37. Qxb4 c5 38. Qb6 Rd7 39. Qxc5 Rc7 40. Qb4
Rc5 41. Qxc5 dxc5 42. Rd7 Re4 43. Rxe7+ Kxe7 44. a5 Rxc4 45. Ra1 Rb4 46. a6 Rb8
47. a7 Ra8 48. Kf1 Kd6 49. Ke2 Kc6 50. Kd3 Kb5 51. Kc3 c4 52. f3 Kc5 53. e4
fxe4 54. fxe4 Kb5 55. e5 Kc5 56. e6 Kd6 57. Ra6+ Kd5 1-0

[Event "Olimpiada de Khanty-Mansiysk 2010"]
[Site "Khanty-Mansiysk RUS"]
[Date "2010.09.25"]
[Round "5"]
[White "Rocha, Sergio"]
[Black "Boshku, Harallamb"]
[Result "1-0"]
[WhiteElo "2438"]
[BlackElo "2314"]
[PlyCount "115"]
[EventDate "2010.09.21"]
[EventType "team"]
[EventRounds "11"]
[EventCountry "RUS"]
[Source "lmi"]
[SourceDate "2010.09.21"]
[WhiteTeam "Portugal"]
[BlackTeam "Albania"]
[WhiteTeamCountry "POR"]
[BlackTeamCountry "ALB"]

1. e4 e5 2. Nf3 Nf6 3. Nxe5 d6 4. Nf3 Nxe4 5. c4 Be7 6. d3 Nf6 7. Nc3 O-O 8. h3
d5 9. Bf4 d4 10. Ne2 c5 11. g4 Nc6 12. Bg2 Bd6 13. Qd2 Ne8 14. a3 a5 15. Ng5
Bxf4 16. Qxf4 Nd6 17. O-O f6 18. Ne4 Nxe4 19. Bxe4 Ra6 20. Ng3 Ne7 21. Rae1 Rd6
22. Re2 b6 23. Rfe1 Ng6 24. Qd2 Bd7 25. Nf5 Bxf5 26. gxf5 Ne7 27. Qf4 Rd7 28.
Bf3 Nc8 29. Re6 Rd6 30. Bd5 Rxe6 31. Rxe6 Kh8 32. Qb8 g6 33. Bb7 gxf5 34. Qxc8
Qxc8 35. Bxc8 Rxc8 36. Rxb6 a4 37. Rb7 Rg8+ 38. Kf1 Re8 39. Rb5 Rc8 40. Rb7 Re8
41. Rc7 Rb8 42. Rxc5 Rxb2 43. Rd5 Rb3 44. Rxd4 Rxa3 45. Rd7 Ra2 46. Kg2 a3 47.
Ra7 Ra1 48. c5 a2 49. d4 Kg8 50. c6 Rc1 51. d5 Rc5 52. Rxa2 Kf8 53. Ra8+ Ke7
54. Ra7+ Kd8 55. Rxh7 Rxd5 56. Rd7+ Rxd7 57. cxd7 Kxd7 58. Kf3 1-0

[Event "Olimpiada de Khanty-Mansiysk 2010"]
[Site "Khanty-Mansiysk RUS"]
[Date "2010.09.25"]
[Round "5"]
[White "Khelfallah, Badreddine"]
[Black "Fekadu, Desalegn Jimma"]
[Result "0-1"]
[WhiteElo "2183"]
[BlackElo "2204"]
[PlyCount "66"]
[EventDate "2010.09.21"]
[EventType "team"]
[EventRounds "11"]
[EventCountry "RUS"]
[Source "lmi"]
[SourceDate "2010.09.21"]
[WhiteTeam "Argelia"]
[BlackTeam "Etiopía"]
[WhiteTeamCountry "ALG"]
[BlackTeamCountry "ETH"]

1. e4 c5 2. Nc3 d6 3. f4 Nc6 4. Nf3 Bg4 5. Bb5 Rc8 6. h3 Bxf3 7. Qxf3 e6 8.
Bxc6+ bxc6 9. O-O Nf6 10. d3 Be7 11. Bd2 O-O 12. Rae1 c4 13. e5 dxe5 14. fxe5
Nd7 15. d4 Qb6 16. Qe4 Qxb2 17. Rb1 Qa3 18. Rb7 Rcd8 19. Nb1 Qa6 20. Rc7 c5 21.
Be3 cxd4 22. Bxd4 Qxa2 23. Nc3 Qa5 24. Rxc4 Nb6 25. Rc7 Rd7 26. Rxd7 Nxd7 27.
Rb1 Bc5 28. Kh1 Bxd4 29. Qxd4 Qxe5 30. Qd2 Nf6 31. Rb7 Nh5 32. Rb5 Ng3+ 33. Kg1
Qxc3 0-1

[Event "Olimpiada de Khanty-Mansiysk 2010"]
[Site "Khanty-Mansiysk RUS"]
[Date "2010.09.25"]
[Round "5"]
[White "Solomon, Kenny"]
[Black "Pornariyasombat, Atippat"]
[Result "0-1"]
[WhiteElo "2394"]
[BlackElo "2181"]
[PlyCount "110"]
[EventDate "2010.09.21"]
[EventType "team"]
[EventRounds "11"]
[EventCountry "RUS"]
[Source "lmi"]
[SourceDate "2010.09.21"]
[WhiteTeam "Sudáfrica"]
[BlackTeam "Tailandia"]
[WhiteTeamCountry "RSA"]
[BlackTeamCountry "THA"]

1. d4 g6 2. Nf3 Bg7 3. c4 c5 4. d5 d6 5. Nc3 Bxc3+ 6. bxc3 f5 7. Qa4+ Bd7 8.
Qb3 Qa5 9. Bd2 b6 10. h4 Nf6 11. g3 Na6 12. Bg2 O-O-O 13. Ng5 Rdf8 14. f3 Nc7
15. a4 h6 16. Nh3 Nh5 17. Kf2 Ne8 18. Nf4 Nxf4 19. gxf4 Nf6 20. Rhg1 e5 21.
dxe6 Bxe6 22. Bh3 Rhg8 23. e4 Bd7 24. exf5 gxf5 25. Qb1 Kc7 26. Rxg8 Nxg8 27.
Qg1 Qa6 28. Qg7 Qc8 29. a5 bxa5 30. Rxa5 Kb6 31. Ra1 Qd8 32. Rb1+ Kc6 33. Qg3
Be6 34. Bf1 Qe7 35. Bd3 Qf7 36. Qg1 Bxc4 37. Qf1 Qd5 38. Bxc4 Qxd2+ 39. Kg3 Nf6
40. Bf7 Rxf7 41. Qb5+ Kd5 42. Qb3+ c4 43. Qb5+ Ke6 44. Qxc4+ Nd5 45. Qc8+ Kf6
46. Qd8+ Ne7 47. Kh3 Qxf4 48. Qh8+ Ke6 49. Re1+ Kd7 50. Qa8 Rg7 51. Qxa7+ Ke8
52. Qf2 Kf7 53. Rb1 Kg8 54. Rb7 Kh7 55. Rc7 Qe5 0-1

[Event "Olimpiada de Khanty-Mansiysk 2010"]
[Site "Khanty-Mansiysk RUS"]
[Date "2010.09.25"]
[Round "5"]
[White "Pitirotjirathon, Jirapak"]
[Black "Steel, Henry Robert"]
[Result "1/2-1/2"]
[WhiteElo "2299"]
[BlackElo "2300"]
[PlyCount "134"]
[EventDate "2010.09.21"]
[EventType "team"]
[EventRounds "11"]
[EventCountry "RUS"]
[Source "lmi"]
[SourceDate "2010.09.21"]
[WhiteTeam "Tailandia"]
[BlackTeam "Sudáfrica"]
[WhiteTeamCountry "THA"]
[BlackTeamCountry "RSA"]

1. d4 Nf6 2. c4 g6 3. Nc3 Bg7 4. e4 d6 5. h3 O-O 6. Bg5 c5 7. d5 h6 8. Be3 e6
9. Nf3 exd5 10. exd5 a6 11. Qd2 Re8 12. Bd3 Nbd7 13. O-O Kh7 14. Rfe1 Ng8 15.
Bf4 Ne5 16. Nxe5 dxe5 17. Be3 b6 18. a4 f5 19. f4 e4 20. Bf1 Qd6 21. a5 Bd7 22.
axb6 Qxb6 23. Na4 Bxa4 24. Rxa4 a5 25. Ra2 Reb8 26. Rb1 Ne7 27. b3 Nc8 28. Rd1
Nd6 29. Ra3 Rc8 30. Kh2 h5 31. Be2 Bf6 32. Rc1 h4 33. Rc2 Nb7 34. Rc1 Qb4 35.
Qa2 Bd4 36. Bd2 Qb6 37. Rd1 Qd6 38. Rf1 Rf8 39. Kh1 g5 40. fxg5 f4 41. Qc2 Rae8
42. Bh5 Re7 43. b4 Kg7 44. bxc5 Nxc5 45. Bc3 Qe5 46. Bxd4 Qxd4 47. Qc3 Qxc3 48.
Rxc3 Re5 49. Rb1 Rxg5 50. Bg4 Kf6 51. Rb5 Ke5 52. Ra3 Kd4 53. Raxa5 Nd3 54. d6
Rxb5 55. cxb5 Nf2+ 56. Kg1 Nxg4 57. hxg4 Kc5 58. d7 Kd6 59. Ra4 Kxd7 60. Rxe4
f3 61. g5 Rf5 62. Rg4 fxg2 63. Kxg2 Rxb5 64. g6 Rb8 65. Kh3 Ke7 66. Kxh4 Kf6
67. g7 Rg8 1/2-1/2

[Event "Olimpiada de Khanty-Mansiysk 2010"]
[Site "Khanty-Mansiysk RUS"]
[Date "2010.09.25"]
[Round "5"]
[White "Johannes, Manyedi Mabusel"]
[Black "Kongsee, Uaychai"]
[Result "0-1"]
[WhiteElo "2288"]
[BlackElo "2235"]
[PlyCount "106"]
[EventDate "2010.09.21"]
[EventType "team"]
[EventRounds "11"]
[EventCountry "RUS"]
[Source "lmi"]
[SourceDate "2010.09.21"]
[WhiteTeam "Sudáfrica"]
[BlackTeam "Tailandia"]
[WhiteTeamCountry "RSA"]
[BlackTeamCountry "THA"]

1. d4 d5 2. c4 c6 3. Nc3 Nf6 4. Nf3 e6 5. cxd5 exd5 6. Bg5 h6 7. Bh4 Be7 8. e3
Bf5 9. Bd3 Bxd3 10. Qxd3 Nbd7 11. O-O O-O 12. Bxf6 Bxf6 13. b4 Nb6 14. a4 Qd6
15. Rab1 Rfd8 16. a5 Nd7 17. Rfc1 Rac8 18. Na4 b6 19. Qa6 Qb8 20. Qd3 Be7 21.
e4 dxe4 22. Qxe4 Qd6 23. axb6 axb6 24. Ne5 Nf6 25. Qf3 b5 26. Nc5 Qd5 27. Nb7
Qxf3 28. gxf3 Re8 29. Nxc6 Bf8 30. Ne5 Nd5 31. Rxc8 Rxc8 32. Nc5 Ra8 33. Ned3
g5 34. Kg2 Bg7 35. Ne5 Nf4+ 36. Kf1 Ra3 37. Ne4 f6 38. Nc6 Ra6 39. Ne7+ Kf7 40.
Nf5 Bf8 41. Nc5 Ra2 42. Ne3 Rd2 43. Rd1 Rxd1+ 44. Nxd1 Nd5 45. Ke1 Nxb4 46. Nb3
Nd5 47. Ne3 Ke6 48. Kd2 f5 49. Kd3 Bb4 50. Ng2 Bd6 51. h4 gxh4 52. Nxh4 Nf4+
53. Ke3 Kf6 0-1

[Event "Olimpiada de Khanty-Mansiysk 2010"]
[Site "Khanty-Mansiysk RUS"]
[Date "2010.09.25"]
[Round "5"]
[White "Teerapabpaisit, Wisuwat"]
[Black "Van den Heever, Donovan"]
[Result "1-0"]
[WhiteElo "2310"]
[BlackElo "2285"]
[PlyCount "119"]
[EventDate "2010.09.21"]
[EventType "team"]
[EventRounds "11"]
[EventCountry "RUS"]
[Source "lmi"]
[SourceDate "2010.09.21"]
[WhiteTeam "Tailandia"]
[BlackTeam "Sudáfrica"]
[WhiteTeamCountry "THA"]
[BlackTeamCountry "RSA"]

1. e4 c5 2. Nf3 d6 3. d4 cxd4 4. Nxd4 Nf6 5. Nc3 g6 6. Be3 Bg7 7. f3 Nc6 8. Qd2
O-O 9. O-O-O d5 10. exd5 Nxd5 11. Nxc6 bxc6 12. Nxd5 cxd5 13. Qxd5 Qc7 14. Qc5
Qb7 15. Bd4 Bf5 16. Qa3 Rac8 17. Bd3 Bxd4 18. Bxf5 Rc3 19. Be4 Qb6 20. bxc3
Be3+ 21. Rd2 Rb8 22. Kd1 Bxd2 23. Kxd2 Qf2+ 24. Kd3 Rd8+ 25. Kc4 Qe2+ 26. Bd3
Qe6+ 27. Kb4 Rb8+ 28. Ka4 Qc6+ 29. Ka5 Qb6+ 30. Ka4 Qc6+ 31. Ka5 Qd5+ 32. Ka4
a5 33. Qb3 Rxb3 34. axb3 Qc6+ 35. Kxa5 Qxc3+ 36. b4 f5 37. Rb1 e5 38. Ka4 e4
39. fxe4 fxe4 40. Bxe4 Qc4 41. Re1 Qc3 42. Re2 Qa1+ 43. Kb3 Qb1+ 44. Kc3 Qa1+
45. Kb3 Qb1+ 46. Kc4 Qf1 47. Bf3 g5 48. h3 Qc1 49. Kb5 Qf4 50. c4 Qb8+ 51. Ka4
Qa7+ 52. Kb3 Kf7 53. c5 Kg6 54. c6 h5 55. Rc2 Qe3+ 56. Rc3 Qe6+ 57. Rc4 Qe3+
58. Kc2 Qe6 59. Be4+ Kf6 60. Kb3 1-0

[Event "Olimpiada de Khanty-Mansiysk 2010"]
[Site "Khanty-Mansiysk RUS"]
[Date "2010.09.25"]
[Round "5"]
[White "Luther, Thomas"]
[Black "Kojima, Shinya"]
[Result "1-0"]
[WhiteElo "2545"]
[BlackElo "2334"]
[PlyCount "129"]
[EventDate "2010.09.21"]
[EventType "team"]
[EventRounds "11"]
[EventCountry "RUS"]
[Source "lmi"]
[SourceDate "2010.09.21"]
[WhiteTeam "IPC"]
[BlackTeam "Japón"]
[BlackTeamCountry "JPN"]

1. e4 c6 2. d4 d5 3. Nd2 dxe4 4. Nxe4 Bf5 5. Ng3 Bg6 6. h4 h6 7. Nf3 Nd7 8. h5
Bh7 9. Bd3 Bxd3 10. Qxd3 e6 11. Bd2 Ngf6 12. O-O-O Be7 13. Kb1 O-O 14. Ne4 Nxe4
15. Qxe4 Nf6 16. Qe2 Qd5 17. Be3 Bd6 18. Nd2 Qb5 19. c4 Qf5+ 20. Ka1 b5 21. c5
Be7 22. f3 Nd5 23. Ne4 e5 24. g4 Qe6 25. dxe5 Qxe5 26. Bd4 Qe6 27. Rhe1 Bh4 28.
Bf2 Nb4 29. Nc3 Qxe2 30. Rxe2 Bxf2 31. Rxf2 a5 32. Rfd2 Na6 33. Rd6 Rfc8 34.
Ne4 Nb4 35. Kb1 Nd5 36. Rd7 Rd8 37. Rb7 Rdb8 38. Rxb8+ Rxb8 39. Nd6 Nf4 40. Ne4
Nd5 41. Nd6 Nf4 42. Kc2 Kf8 43. a3 Ne6 44. b4 a4 45. Nf5 Rd8 46. Rxd8+ Nxd8 47.
Nd4 Ke7 48. Kd3 Kd7 49. Ke4 Ne6 50. Nf5 Ng5+ 51. Ke3 Ne6 52. f4 Ke8 53. Ke4 f6
54. Nd6+ Kf8 55. Nf5 Ke8 56. Nh4 Kf7 57. Nf3 Ke7 58. Kf5 Kf7 59. g5 Nd8 60.
gxf6 gxf6 61. Nd4 Ke7 62. Kg6 Ne6 63. Nxe6 Kxe6 64. Kxh6 Kf7 65. f5 1-0

[Event "Olimpiada de Khanty-Mansiysk 2010"]
[Site "Khanty-Mansiysk RUS"]
[Date "2010.09.25"]
[Round "5"]
[White "Nanjo, Ryosuke"]
[Black "Obodchuk, Andrei"]
[Result "1/2-1/2"]
[WhiteElo "2257"]
[BlackElo "2395"]
[PlyCount "133"]
[EventDate "2010.09.21"]
[EventType "team"]
[EventRounds "11"]
[EventCountry "RUS"]
[Source "lmi"]
[SourceDate "2010.09.21"]
[WhiteTeam "Japón"]
[BlackTeam "IPC"]
[WhiteTeamCountry "JPN"]

1. d4 Nf6 2. Nf3 g6 3. Bg5 Bg7 4. Nbd2 O-O 5. c3 d6 6. e3 h6 7. Bh4 Nc6 8. Be2
e5 9. O-O g5 10. Bg3 Nh5 11. dxe5 Nxg3 12. hxg3 dxe5 13. e4 Be6 14. Nc4 Qxd1
15. Rfxd1 Rfd8 16. b3 g4 17. Nh4 Bf8 18. Ne3 h5 19. Bc4 Bxc4 20. Nxc4 f6 21.
Nf5 Kf7 22. Nce3 a5 23. Nd5 Rd7 24. Kf1 b5 25. a3 Nd8 26. Ke2 Ne6 27. b4 Rad8
28. f3 c6 29. Nde3 Rxd1 30. Rxd1 Rxd1 31. Kxd1 axb4 32. axb4 c5 33. bxc5 gxf3
34. gxf3 Bxc5 35. Nd5 Ng5 36. Ke2 Ne6 37. Nh4 Bd6 38. Ng2 Ng5 39. Nge3 Ne6 40.
g4 hxg4 41. Nxg4 Be7 42. Nh6+ Kg6 43. Nxe7+ Kxh6 44. Nf5+ Kg5 45. Ke3 Nc7 46.
Nd6 Kh4 47. f4 Kh5 48. fxe5 fxe5 49. Nf7 Na6 50. Nxe5 b4 51. c4 b3 52. Nd3 Nb4
53. Kd4 Kg4 54. Kc3 Nc6 55. Kxb3 Kf3 56. e5 Ke4 57. Kc3 Nd4 58. c5 Kd5 59. Kb4
Ne6 60. c6 Kxc6 61. Kc4 Kd7 62. Kd5 Ke7 63. Ke4 Ng5+ 64. Kf5 Nf7 65. e6 Nd8 66.
Nf4 Nxe6 67. Nxe6 1/2-1/2